| 000 | 01323nam a2200289Ia 4500 | ||
|---|---|---|---|
| 001 | C7488 | ||
| 003 | IT-RoPAU | ||
| 008 | 130308s9999 xx 000 0 und d | ||
| 040 | _aIT-RoPAU | ||
| 040 | _cIT-RoPAU | ||
| 041 | _aITALIANO | ||
| 100 | _aLaura Ernesto G. | ||
| 100 | _gCodice Aut. SPICS: 4828 | ||
| 245 | _aMusical: le note raccontano | ||
| 245 | _bCapolavori raccontano un Secolo di Cinema (I) | ||
| 250 | _a1a ed. | ||
| 260 | _aALBA | ||
| 260 | _bPeriodici San Paolo | ||
| 260 | _c1994 [1° Ed.:1994 - Ed.Ling.Originale:1994] | ||
| 300 | _a"16 p. (prefazione: no ; testo: 16 [pagine: 53-68])" | ||
| 500 | _aAmerica canta e Balla. Film rivista conquista Il Pubblico per le Coreografie e gli Effetti Speciali. Schede e Note Critiche dei Film: Cantando sotto la pioggia (1952) di Gene Kelly e Stanley Donen, sette Spose per sette Fratelli (1954) di Stanley Donen, West Side Story (1961) di Robert Wise e Jerome Robbins, Cabaret (1972) di Bob Fosse, The Blues Brothers (1980) di John Landis, Chorus line (1985) di Richard Attenborough. Due generazioni per Il Rock: Elvis Presley e John Travolta. Note biografiche di Fred Astaire, Barbra Streisand. Note Sul Film Opera. | ||
| 650 | _aGENERI CINEMATOGRAFICI | ||
| 650 | _eCodice materia Spics: 6810 | ||
| 942 | _cBK | ||
| 957 | _71 | ||
| 999 |
_c83701 _d83701 |
||
| 999 | _g1 | ||